Internet Marketing: Building Advantage in a Networked Economy (Record no. 4106)

MARC details
005 - DATE AND TIME OF LATEST TRANSACTION
control field 20250616105224.0
020 ## - INTERNATIONAL STANDARD BOOK NUMBER
International Standard Book Number 978-0-07-253842=7
082 ## - DEWEY DECIMAL CLASSIFICATION NUMBER
Classification number 658.84 RAF
100 ## - MAIN ENTRY--PERSONAL NAME
Author name MOHAMMED, A. R
245 ## - TITLE STATEMENT
Title Internet Marketing: Building Advantage in a Networked Economy
250 ## - EDITION STATEMENT
Edition statement 2nd Ed.
260 ## - PUBLICATION, DISTRIBUTION, ETC.
Place of publication, distribution, etc. Boston
Name of publisher, distributor, etc. Irwin MarketspaceU
Date of publication, distribution, etc. 2004.
300 ## - PHYSICAL DESCRIPTION
Extent xviii, 743p.:il.;Charts, tables
Other physical details Index
Dimensions 26cm
700 ## - ADDED ENTRY--PERSONAL NAME
Other authors/Editors Robertb J. Fisher
700 ## - ADDED ENTRY--PERSONAL NAME
Other authors/Editors Bernard J. Jaworski
700 ## - ADDED ENTRY--PERSONAL NAME
Other authors/Editors Gordon J. Paddison
942 ## - ADDED ENTRY ELEMENTS (KOHA)
Source of classification or shelving scheme Dewey Decimal Classification
Koha item type Books
Holdings
Date last seen Total checkouts Full call number Barcode Cost, replacement price Price effective from Koha item type Lost status Source of classification or shelving scheme Damaged status Not for loan Withdrawn status Home library Current library Shelving location Date acquired Source of acquisition Cost, normal purchase price
06/16/2025   658.84 MZA0001071 150000.00 06/16/2025 Books   Dewey Decimal Classification       CBE Mwanza CBE Mwanza General Collection 07/01/2007 Library Budget 50000.00
06/16/2025   658.84 MZA0001072 150000.00 06/16/2025 Books   Dewey Decimal Classification       CBE Mwanza CBE Mwanza General Collection 07/01/2007 Library Budget 50000.00
06/16/2025   658.84 MZA0001073 150000.00 06/16/2025 Books   Dewey Decimal Classification       CBE Mwanza CBE Mwanza General Collection 07/01/2007 Library Budget 50000.00
06/16/2025   658.84 MZA0001074 150000.00 06/16/2025 Books   Dewey Decimal Classification       CBE Mwanza CBE Mwanza General Collection 07/01/2007 Library Budget 50000.00
06/16/2025   658.84 MZA0001075 150000.00 06/16/2025 Books   Dewey Decimal Classification       CBE Mwanza CBE Mwanza General Collection 07/01/2007 Library Budget 50000.00